000 00691nam a22001937a 4500
999 _c235872
_d235872
008 201130b ||||| |||| 00| 0 eng d
040 _bger
_cDE-2950
_erda
_aDE-2950
041 _ager
245 _aFrankfurt und Slubice feiern.
_bKultur: Die Doppelstadt hat Geburtstag, der Eintritt ist frei.
264 _c2021
653 _aFrankfurt (Oder)
653 _a768. Jubiläum
653 _aVeranstaltung
773 _dFrankfurt (Oder): Märkisches Verlags- und Druckhaus GmbH & Co KG
_g32. Jahrgang (2021) Nr. 154 vom 06.07.2021, S.13. : Foto + Nr. 157 vom 09.07.2021, S. 15
_tMärkische Oderzeitung
942 _cA